Acto administrativo (Registro nro. 65289)

Detalles MARC
000 -ENCABEZADO
Número de control [NR] 00849nam a2200241Ia 4500
008 - DE LONGITUD FIJA DE DATOS DE ELEMENTOS - INFORMACIÓN GENERAL
Elementos de longitud fija [NR] 130821s2008 ag gr spa
020 ## - NUMERO INTERNACIONAL NORMALIZADO PARA LIBROS [R]
Número Internacional Normalizado del libro [NR] 9788493437442
020 ## - NUMERO INTERNACIONAL NORMALIZADO PARA LIBROS [R]
Número Internacional Normalizado del libro [NR] 9789875072794
040 ## - FUENTE DE CATALOGACION [NR]
Agencia de catalogación original [NR] CO-BoUCM
Idioma de catalogación [NR] spa
Quien Cataloga
Quien Clasifica
041 00 - CODIGO DE IDIOMA [R]
Código de idioma para texto/pista de sonido o título separado [R] Español
100 1# - ASIENTO PRINCIPAL--NOMBRE PERSONAL [NR]
Nombre personal [NR] Dromi, Roberto José
ID Autoridad 41654
245 10 - MENCION DE TITULO [NR]
Título [NR] Acto administrativo
Mención de responsabilidad, etc. [NR] Roberto Dromi
250 ## - MENCION DE EDICION [NR]
Mención de edición [NR] 4a ed
260 ## - PUBLICACION, DISTRIBUCION, ETC. (PIE DE IMPRENTA) [R]
Lugar de publicación, distribución, etc. [R] Buenos Aires (Argentina)
Nombre del editor, distribuidor, etc. [R] Ediciones Ciudad Argentina Hispano LIbros
Fecha de publicación, distribución, etc. [R] 2008
300 ## - DESCRIPCION FISICA [R]
Extensión [R] 458 páginas
504 ## - NOTA DE BIBLIOGRAFIA, ETC. [R]
Nota de bibliografía, etc. [NR] Incluye referencias bibliográficas
650 #7 - ASIENTO SECUNDARIO DE MATERIA - TERMINO TEMATICO [R]
Término temático o nombre geográfico como elemento de entrada [NR] Actos administrativos
Subdivisión geográfica [R] Argentina
9 (RLIN) 102918
650 #7 - ASIENTO SECUNDARIO DE MATERIA - TERMINO TEMATICO [R]
Término temático o nombre geográfico como elemento de entrada [NR] Derecho administrativo
9 (RLIN) 12695
650 #7 - ASIENTO SECUNDARIO DE MATERIA - TERMINO TEMATICO [R]
Término temático o nombre geográfico como elemento de entrada [NR] Derecho administrativo
Subdivisión geográfica [R] Argentina
9 (RLIN) 102512
690 ## - ASUNTO AGREGADO LOCAL DE ENTRADA - TÉRMINO TEMÁTICO (OCLC, RLIN)
Acceso temático local Derecho Administrativo
9 (RLIN) 12695
942 ## - ELEMENTOS DE ENTRADA AGREGADOS (KOHA)
Tipo de ítem principal el descrito en 300a Libro
Tema principal Derecho
Edición 4
Parte restante de la signatura top. D786a
Sistema de clasificación DEWEY
Clasificación 342.066
Existencias
Fecha de último préstamo Total préstamos Signatura topográfica Código de barras Última vez visto Volúmen / Fascículo Ejemplar Price effective from Tipo de ítem Perdido Sistema de clasificación Dañado No prestable Tipo de ítem específico Suprimido Ubicación habitual Ubicación actual Localización Fecha de creación Forma de adquisición Costo Costo de reposición Proveedor Total Renewals
04/04/2019 1 342.066 D786a 100104272 05/12/2025 4a.Ed. Ej.1 03/02/2013 Libro de reserva   DEWEY     Libro de reserva   Claustro Claustro 3er piso 28/02/2010 Compra 300000.00      
06/04/2018 6 342.066 D786a 100134785 05/12/2025 4a.Ed. Ej.7 17/07/2013 Libro   DEWEY     Libro   Claustro Claustro 3er piso 17/07/2013 Compra 82450.00 82450.00 9  
21/03/2025 14 342.066 D786a 100134780 12/06/2026 4a.Ed. Ej.2 17/07/2013 Libro   DEWEY     Libro   Claustro Claustro 3er piso 17/07/2013 Compra 82450.00 82450.00 9 9
23/03/2019 5 342.066 D786a 100134783 12/06/2026 4a.Ed. Ej.5 17/07/2013 Libro   DEWEY     Libro   Claustro Claustro 3er piso 17/07/2013 Compra 82450.00 82450.00 9 3